00646nam a2200169 a 450000100100000000500170001000800410002704000250006808200140009311000440010724501150015126000440026630000270031004900090033795201130034699900170045900003045920200930062326.0110517s1999 dr a 000 | spa d aDO-SdBNPbspacBNPHU axxxbI59p2 aInstituto de Medicina Dominicana95709110aPlantas medicinales usadas en varias enfermedades en la comunidad de La Montería, Baní, provincia Peravia. aSanto Domingo :bEditora Búho,c1999. a31 p. :bil. ;c21 cm. aBNPD 00107-18PDaPDbPDcOId2011-05-17iLF1l0oxxx I59pp30459-10r2020-06-25w2020-06-25yLFPDZNo se presta c29951d29951